00206pam a2200097 a 4500020000500000041000800005100001800013245003500031260003200066300001000098 c aeng aJohnasan.M.C. aNew BiologyhTextual Documents aNew YorkbPenguin Books Ltd a125p.